Building changes (Record no. 73706)
[ view plain ]
| 000 -LEADER | |
|---|---|
| fixed length control field | 01448cam a2200265 4500 |
| 001 - CONTROL NUMBER | |
| control field | ABS67173 |
| 008 - FIXED-LENGTH DATA ELEMENTS--GENERAL INFORMATION | |
| fixed length control field | 031029n2003 000 0 eng u |
| 035 ## - SYSTEM CONTROL NUMBER | |
| System control number | (Sirsi) u124173 |
| 100 ## - MAIN ENTRY--PERSONAL NAME | |
| Personal name | Lovell, D. |
| 245 ## - TITLE STATEMENT | |
| Title | Building changes |
| 260 ## - PUBLICATION, DISTRIBUTION, ETC. | |
| Date of publication, distribution, etc. | 2003 |
| 490 ## - SERIES STATEMENT | |
| Series statement | Estates Gazette |
| Volume/sequential designation | (0342) 18 October 2003, 118-119(2) |
| 520 ## - SUMMARY, ETC. | |
| Summary, etc. | Discusses the substantial changes to the common law rules of multi-ownership buildings in Scotland effected by the Tenements (Scotland) Bill upon becoming law. It proposes reforms of the law of tenement, which applies to the regulation of maintenance and common rights in both residential and non-residential tenement properties. Reform is deemed to be necessary as the conversion of single-occupancy to multi-ownership is increasing in Scotland. Details what the changes will mean and what flat owners (flats defined as any separately owned floor of a multi-ownership building).should be aware of. Concludes that it offers a sensible solution, allowing owners to regulate matters among themselves while providing a default process if the need arises. |
| 590 ## - LOCAL NOTE (RLIN) | |
| Local note | ABS |
| 650 ## - SUBJECT ADDED ENTRY--TOPICAL TERM | |
| Topical term or geographic name entry element | SCOTLAND |
| 650 ## - SUBJECT ADDED ENTRY--TOPICAL TERM | |
| Topical term or geographic name entry element | TENEMENTS |
| 650 ## - SUBJECT ADDED ENTRY--TOPICAL TERM | |
| Topical term or geographic name entry element | TENEMENTS (SCOTLAND) BILL |
| 650 ## - SUBJECT ADDED ENTRY--TOPICAL TERM | |
| Topical term or geographic name entry element | MULTI-OWNERSHIP |
| 650 ## - SUBJECT ADDED ENTRY--TOPICAL TERM | |
| Topical term or geographic name entry element | SINGLE OCCUPATION |
| 650 ## - SUBJECT ADDED ENTRY--TOPICAL TERM | |
| Topical term or geographic name entry element | BUILT ENVIRONMENT-BUILDING MAINTENANCE AND REFURBISHMENT |
| 650 ## - SUBJECT ADDED ENTRY--TOPICAL TERM | |
| Topical term or geographic name entry element | COMMON RIGHTS |
| 650 ## - SUBJECT ADDED ENTRY--TOPICAL TERM | |
| Topical term or geographic name entry element | FLAT OWNERS |
| 690 ## - LOCAL SUBJECT ADDED ENTRY--TOPICAL TERM (OCLC, RLIN) | |
| Topical term or geographic name as entry element | LANDLORD AND TENANT |
| 9 (RLIN) | 6252 |
| 942 ## - ADDED ENTRY ELEMENTS (KOHA) | |
| Suppress in OPAC | 0 |
| Withdrawn status | Lost status | Source of classification or shelving scheme | Damaged status | Not for loan | Home library | Current library | Shelving location | Date acquired | Total Checkouts | Full call number | Barcode | Date last seen | Copy number | Price effective from | Koha item type |
|---|---|---|---|---|---|---|---|---|---|---|---|---|---|---|---|
| Dewey Decimal Classification | London | London | Journal article | 29/10/2003 | ABS67173 | 124173-1001 | 06/08/2019 | 1 | 06/08/2019 | Journal article |